| 000 | 00567nam a2200133Ia 4500 | ||
|---|---|---|---|
| 008 | 160809s9999 xx 000 0 und d | ||
| 100 | _aYehualawork, Abebe. | ||
| 245 | _aINCLUSION OF STUDENTS WITH DISABILITIES IN FORMAL VOCATIONAL EDUCATION PROGRAMS IN ETHIOPIA | ||
| 245 | _cAbebe Yehualawork Malle Raija Pirttimaa Timo Saloviita University of Jyvaskyla. | ||
| 260 | _bInternational Journal of Special Education | ||
| 260 | _c2015 | ||
| 650 | _xSPECIAL EDUCATION | ||
| 856 | _uhttp://www.internationaljournalofspecialed.com/docs/IJSE%20ENTIRE%20ISSUE%2030%202.pdf | ||
| 999 |
_c300250 _d300250 |
||